Super-héros Marvel (facile #2) - Statistiques

Statistiques générales
  • Ce quiz a été pris 168 fois
  • Le résultat moyen est 10 sur 16
Statistiques - réponses
Par images Réponse % Correct
Hulk
100%
Venom
89%
Professeur X
85%
Captain Marvel
78%
Black Panther
77%
Vision
77%
Le punisher
76%
Cyclope
72%
Tornade
71%
Monsieur fantastique
69%
La femme invisible
64%
Nick Fury
46%
Yondu
46%
Le soldat de l'hiver
27%
Gamora
24%
Drax
16%
Aucun quiz correspondant
Distribution des résultats
% des personnes avec chaque résultat
Percentile par nombre de réponses
Votre historique - résultats
Vous n’avez pas pris ce quiz